| 000 | 00559nam a2200217 a 4500 | ||
|---|---|---|---|
| 999 |
_c4427 _d4427 |
||
| 001 | 4427 | ||
| 003 | BD-JhCC | ||
| 005 | 20171127134519.0 | ||
| 008 | 171127s19631965e |||| || | 000 0 eng d | ||
| 035 | _a(BD-JhCC)4427 | ||
| 040 |
_aBD-JhCC _dBD-JhCC |
||
| 041 | _aeng | ||
| 082 |
_a822.33 _bSAU 1965 |
||
| 100 | _aSaunders, James | ||
| 245 |
_aNext time I'll Sing to You / _cJames Saunders, (Edition) |
||
| 260 |
_aLondon : _bHeinemann Educational Books Ltd, _c1965. |
||
| 300 |
_a67 p. : _c18 cm. |
||
| 650 | _aDrama | ||
| 942 |
_2ddc _cBK |
||